| 000 | 00691nam a2200241 i 4500 | ||
|---|---|---|---|
| 001 | 108984 | ||
| 003 | ES-MaACL | ||
| 005 | 20260209164528.0 | ||
| 007 | t| | ||
| 008 | 061121s1960 sp f |||| | spa d | ||
| 080 | _a591.9(6) | ||
| 080 | _a916(079.3) | ||
| 100 | 1 |
_aMoorehead, Alan. _982837 |
|
| 245 | 1 | 0 |
_aNo hay sitio en el arca / _cAlan Moorehead ; [traducción J.Ferrer Aleu]. |
| 250 | _a1ª ed. | ||
| 260 |
_aBarcelona : _bPlaza y Janés, _c1960. |
||
| 300 |
_a257 p. 12 lám. ; _c23 cm. |
||
| 650 | 4 |
_aZoología- _zÁfrica. _9162433 |
|
| 651 | 4 |
_aÁfrica- _xDescripción _97593 |
|
| 700 | 1 |
_aFerrer Aleu, J. _950442 |
|
| 852 |
_aES-MaACL _jC-19650 |
||
| 999 |
_c108984 _d108984 |
||